000 00597nam a2200169Ia 4500
008 090201s9999 xx 000 0 und d
010 _aKPL-73812
040 _bमराठी
041 _aमराठी
082 _a54307
_b73812
100 _aनयनतारा देसाई
245 _aनातिचरामि (रामबाग)
_cनयनतारा देसाई
260 _c2007
_bनंदादीप बुक सर्व्हिसेस्
300 _a192
_bलहान
600 _aनातिचरामि (रामबाग)
942 _cBOOK
999 _c250647
_d250647